| 000 | 00422nam a22001337a 4500 | ||
|---|---|---|---|
| 082 |
_a625.84 _bREP _cD |
||
| 100 |
_aU.S Department of transportation, _919987 |
||
| 245 | _aRepair of continuously reinforced concrete pavement / | ||
| 260 |
_aWashinton, DC: _bU.S Department of transportation, _cc1978 |
||
| 300 |
_a43 p;, _bill;: _c29cm |
||
| 526 |
_a0 _b0 _c0 _d625_840000000000000_REP |
||
| 650 |
_aMCE _9379 |
||
| 942 |
_2ddc _cBK |
||
| 999 |
_c548029 _d548029 |
||